16ème de finale Europa Conference League 2023/2024 - Statistiques

Statistiques générales
  • Ce quiz a été pris 17 fois
  • Le résultat moyen est 3 sur 8
Statistiques - réponses
Hint Réponse % Correct
Union SG Eintracht Frankfurt
56%
Ajax Bodo/Glimt
50%
Sturm Graz Slovan Bratislava
38%
Real Betis Dinamo Zagreb
31%
Molde Legia
25%
Olympiacos Ferencvaros
19%
Maccabi Haifa Gent
19%
Servette Ludogorets
19%
Aucun quiz correspondant
Distribution des résultats
% des personnes avec chaque résultat
Percentile par nombre de réponses
Votre historique - résultats
Vous n’avez pas pris ce quiz